Robin hood (Record no. 7931)

MARC details
000 -LEADER
fixed length control field 00576nam a22001817a 4500
003 - CONTROL NUMBER IDENTIFIER
control field OSt
005 - DATE AND TIME OF LATEST TRANSACTION
control field 20260129014229.0
008 - FIXED-LENGTH DATA ELEMENTS--GENERAL INFORMATION
fixed length control field 260129b |||||||| |||| 00| 0 eng d
040 ## - CATALOGING SOURCE
Original cataloging agency DWCL GS library
Transcribing agency OC
082 ## - DEWEY DECIMAL CLASSIFICATION NUMBER
Classification number Fic. B862r 2002
100 ## - MAIN ENTRY--PERSONAL NAME
Personal name Chouldhury, Bani Roy
245 ## - TITLE STATEMENT
Title Robin hood
Remainder of title british folklore
260 ## - PUBLICATION, DISTRIBUTION, ETC.
Place of publication, distribution, etc. place of publication not identified
Name of publisher, distributor, etc. New Dawn Press Group
Date of publication, distribution, etc. c2005
300 ## - PHYSICAL DESCRIPTION
Extent 67
Other physical details illustrations
Dimensions 22cm
546 ## - LANGUAGE NOTE
Language note English
700 ## - ADDED ENTRY--PERSONAL NAME
Personal name Bani Roy Chouldhury
942 ## - ADDED ENTRY ELEMENTS (KOHA)
Source of classification or shelving scheme Dewey Decimal Classification
Koha item type Fiction
Classification part Fic. B862r 2002
Suppress in OPAC No
952 ## - LOCATION AND ITEM INFORMATION (KOHA)
--
952 ## - LOCATION AND ITEM INFORMATION (KOHA)
--
Holdings
Withdrawn status Lost status Source of classification or shelving scheme Damaged status Not for loan Home library Current library Shelving location Date acquired Total Checkouts Full call number Barcode Date last seen Price effective from Koha item type Uniform Resource Identifier Source of acquisition
    Dewey Decimal Classification     Grade School Library Grade School Library Fiction 01/29/2026   Fic. B862r 2002 18444 01/29/2026 01/29/2026 FIC.  
    Dewey Decimal Classification     Grade School Library Grade School Library Fiction 01/30/2026   Fic. C552r 2005 21302 01/30/2026 01/30/2026 FIC. School Fund, Donation